Φορτώνει......
Iraqi foreign policy since revolution /
| Κύριος συγγραφέας: | |
|---|---|
| Μορφή: | Printed Book |
| Έκδοση: |
New Delhi :
Mittal publications,
1994.
|
| Θέματα: |
| LEADER | 00490nam a22001457a 4500 | ||
|---|---|---|---|
| 020 | |a 817099554X | ||
| 082 | |a 320.912 |b MAH.I | ||
| 100 | |a Mahboob Alam. | ||
| 245 | |a Iraqi foreign policy since revolution / |c by Mahboob Alam. | ||
| 260 | |a New Delhi : |b Mittal publications, |c 1994. | ||
| 300 | |a 294 p. | ||
| 650 | |a Iraq | ||
| 942 | |c BK | ||
| 999 | |c 312206 |d 312206 | ||
| 952 | |0 0 |1 0 |4 0 |6 320_912000000000000_MAH_I |7 0 |8 NFIC |9 333778 |a POL |b POL |c GEN |d 2020-11-19 |l 0 |o 320.912 MAH.I |p POL15316 |r 2020-11-19 |w 2020-11-19 |y BK | ||